India's tibet policy and china/ (Record no. 163240)
[ view plain ]
| 000 -LEADER | |
|---|---|
| fixed length control field | 00631nam a22002057a 4500 |
| 005 - DATE AND TIME OF LATEST TRANSACTION | |
| control field | 20190405144759.0 |
| 010 ## - LCCN (DPL NO) | |
| LC control number | ENG-124977 |
| 020 ## - INTERNATIONAL STANDARD BOOK NUMBER | |
| International Standard Book Number | 9789383316090 |
| Terms of availability | 1195.00 |
| 035 ## - SYSTEM CONTROL NUMBER | |
| System control number | EN-108509 |
| 037 ## - SOURCE OF ACQUISITION | |
| Stock number | dpl |
| 037 ## - SOURCE OF ACQUISITION | |
| Source of stock number/acquisition | DBAD/PUB. |
| 082 ## - DEWEY DECIMAL CLASSIFICATION NUMBER | |
| Classification number | 327.540515 |
| 100 ## - MAIN ENTRY--PERSONAL NAME | |
| Personal name | Sarin, M.N. |
| 245 ## - TITLE STATEMENT | |
| Title | India's tibet policy and china/ |
| Statement of responsibility, etc | by M.N.Sarin |
| 260 ## - PUBLICATION, DISTRIBUTION, ETC. (IMPRINT) | |
| Place of publication, distribution, etc | Delhi |
| Name of publisher, distributor, etc | Gaurav Book Centre (Pvt.) Ltd. |
| Date of publication, distribution, etc | 2015 |
| 270 ## - ADDRESS | |
| Address | 4832/24, Prahlad Lane, S-207 Ansari Road, Daryaganj, |
| City | Delhi |
| Postal code | 110002 |
| 300 v# - PHYSICAL DESCRIPTION | |
| Extent | 312p. |
| Dimensions | 22cm(Hbk) |
| 500 ## - GENERAL NOTE | |
| General note | It includes bibliography and index |
| 942 ## - ADDED ENTRY ELEMENTS (KOHA) | |
| Source of classification or shelving scheme | Dewey Decimal Classification |
| Item type | English Books |
| Call number suffix | SAR |
| Classification part | 327.540515 |
| Withdrawn status | Lost status | Not for loan | Collection code | Home library | Current library | Date acquired | Source of acquisition | Cost, normal purchase price | Full call number | Barcode | Copy number | Cost, replacement price | Koha item type |
|---|---|---|---|---|---|---|---|---|---|---|---|---|---|
| Not For Loan | Non-fiction | D.B.Act.Division | Patel Nagar | 05/04/2019 | DBAD/PUB | 1195.00 | 327.540515 SAR | EN-108509 | 1 | 1195.00 | English Books |
